Normal view
MARC view
- Morris, William,
Entry Personal Name
001 - CONTROL NUMBER
- control field: 33477
003 - CONTROL NUMBER IDENTIFIER
- control field: NUST
005 - DATE AND TIME OF LATEST TRANSACTION
- control field: 20201020150210.0
008 - FIXED-LENGTH DATA ELEMENTS
- fixed length control field: 201020|| aca||aabn | a|a d
040 ## - CATALOGING SOURCE
- Original cataloging agency: NUST
- Transcribing agency: NUST
100 ## - HEADING--PERSONAL NAME
- Personal name: Morris, William,
- Dates associated with a name: 1834-1896
670 ## - SOURCE DATA FOUND
- Source citation: Work cat.: (NUST)606: Morris, William, 33476, The designs of William Morris., 1995.
